000 01002nam0a22002531 4500
001 rc\825931
005 20250622004639.0
035 _a(NLR Aleph) 006008259
090 _a7301150
_c7301150
100 _a20041129d1984 |||y0rusy50 ca
101 0 _arus
_alav
102 _aRU
105 _aa |||||||||
200 1 _aВесна Кулдиги-84
_e2-й межклуб. конкурс худож. фотографии
_eКаталог выставки
_f[Авт. вступ. ст. Н. Аузиньш]
210 _aKuldiga
_cБ. и.
_d1984
215 _a38 с.
_cил.
_d20
300 _aПарал. загл. на латыш. яз.
300 _aВ надзаг.: Отд. культуры Кулдиг. р-на, Нар. фотостудия "Кулдига", Ред. газ. "Падомью дзимтене"
300 _aТекст парал. на рус. и латыш. яз.
801 0 _aRU
_bNLR
_gpsbo
801 1 _aRU
_bELAR
_2rusmarc
852 _aNLR
_bЭ
_jКК900/1984
942 _cBOOK
980 _aNB